Acta Technologica Agriculturae The Scientific Journal for Agricultural Engineering: vedecký časopis poľnohospodárskej techniky
Salvato in:
| Natura: | Periodico |
|---|---|
| Lingua: | inglese |
| Pubblicazione: |
Nitra
Vydavateľstvo SPU
2020
|
| Soggetti: | |
| Tags: |
Nessun Tag, puoi essere il primo ad aggiungerne!!
|
MARC
| LEADER | 00000nas2a2200000 4500 | ||
|---|---|---|---|
| 001 | 0303440 | ||
| 005 | 20240808135224.0 | ||
| 022 | |a 1335-2555 | ||
| 041 | 0 | |a eng | |
| 044 | |a SK | ||
| 245 | 1 | 0 | |a Acta Technologica Agriculturae |b The Scientific Journal for Agricultural Engineering: vedecký časopis poľnohospodárskej techniky |
| 264 | 1 | |a Nitra |b Vydavateľstvo SPU |c 2020 | |
| 773 | 0 | |w eu_un_cat*0237607 | |
| 610 | 2 | 0 | |a poľnohospodárstvo alternatívne |
| 610 | 2 | 0 | |a poľnohospodárstvo ekologické |
| 610 | 2 | 0 | |a agropotravinárstvo |
| 610 | 2 | 0 | |a zdroje energie obnoviteľné |
| 610 | 2 | 0 | |a technika poľnohospodárska |